000 00407nam a2200145Ia 4500
008 231129s1997||||xx |||||||||||||| ||spa||
020 _a84-7615-793-2
040 _bspa
082 _a658.503 H236j
100 _aHandscombe Richard
245 0 _aEl jefe del producto: Guia practica del Product Manager
260 _c1997
264 _aMcGraw-Hill
942 _2ddc
_cBKS
999 _c11406
_d11406